|
|
|
|
| LEADER |
01646nam a2200469 i 4500 |
| 001 |
001563768 |
| 003 |
CZ BrMZK |
| 005 |
20170614062551.0 |
| 007 |
ta |
| 008 |
170209s2016 ja a e 001 0 eng |
| 020 |
|
|
|a 978-4-924971-42-4
|q (vázáno)
|
| 040 |
|
|
|a BOA001
|b cze
|e rda
|
| 041 |
1 |
|
|a eng
|h jpn
|
| 043 |
|
|
|a a------
|
| 072 |
|
7 |
|a 341
|x Mezinárodní právo
|2 Konspekt
|9 16
|
| 080 |
|
|
|a 355.01-055.2
|2 MRF
|
| 080 |
|
|
|a 364.63-055.2
|2 MRF
|
| 080 |
|
|
|a 341.322.5
|2 MRF
|
| 080 |
|
|
|a (5)
|2 MRF
|
| 080 |
|
|
|a (520)
|2 MRF
|
| 080 |
|
|
|a (048.8)
|2 MRF
|
| 100 |
1 |
|
|a Kumagai, Naoko
|4 aut
|
| 240 |
1 |
0 |
|a Ianfu mondai.
|l Anglicky
|
| 245 |
1 |
4 |
|a The comfort women :
|b historical, political, legal and moral perspectives /
|c Kumagai Naoko ; translated by David Noble
|
| 250 |
|
|
|a First English edition
|
| 264 |
|
1 |
|a Tokyo :
|b International House of Japan,
|c 2016
|
| 300 |
|
|
|a xi, 229 stran :
|b ilustrace ;
|c 24 cm
|
| 336 |
|
|
|a text
|b txt
|2 rdacontent
|
| 337 |
|
|
|a bez média
|b n
|2 rdamedia
|
| 338 |
|
|
|a svazek
|b nc
|2 rdacarrier
|
| 500 |
|
|
|a Přeloženo z japonštiny
|
| 504 |
|
|
|a Obsahuje bibliografii, bibliografické odkazy a rejstřík
|
| 650 |
0 |
7 |
|a ženy a válka
|z Asie
|7 ph231091
|2 czenas
|
| 650 |
0 |
7 |
|a násilí na ženách
|y 20. století
|7 ph137284
|2 czenas
|
| 650 |
0 |
7 |
|a válečné zločiny
|z Japonsko
|y 20. století
|7 ph138039
|2 czenas
|
| 653 |
0 |
|
|a comfort women
|
| 655 |
|
7 |
|a monografie
|7 fd132842
|2 czenas
|
| 700 |
1 |
|
|a Noble, David
|7 mzk2007394921
|4 trl
|
| 910 |
|
|
|a BOA001
|b 2-1381.631
|
| 990 |
|
|
|a BK
|
| 991 |
|
|
|b 201706
|c NOV
|
| 996 |
7 |
|
|b 2610697046
|c 2-1381.631
|l MZK
|r Sklad / do 1 hodiny
|n 5
|p dar
|w 001599213
|u 000010
|a 1
|e BOA001
|j MZK50
|s A
|